| 000 | 00419nam a2200181Ia 4500 | ||
|---|---|---|---|
| 001 | 19213 | ||
| 005 | 20260306171727.0 | ||
| 008 | 260306s9999||||xx |||||||||||||| ||und|| | ||
| 041 | _aESP | ||
| 082 |
_a658.802 _bM32 2016 |
||
| 100 |
_aMayorga, David _eAUT |
||
| 245 | 0 | _aEl plan de marketing | |
| 260 | _c2016 | ||
| 300 |
_a155 páginas : _c23 cm. |
||
| 650 | _aGEN | ||
| 654 | _aCAN | ||
| 942 |
_cLIB _dJUS _fJUS _2ddc _n |
||
| 999 |
_c19213 _d19213 |
||